00689cam a22002171 4500001001300000003000400013005001700017008004100034010001700075025002300092035002000115040002300135042001200158050002000170100004800190245010800238260005900346300002700405650002200432999001700454sa 66001027 DLC20260227112219.0960923s1952 pk 000 0 pusr  asa 66001027  aPL480:P-Pushto-116 a(OCoLC)35619539 aDLCcCLUdCLUdDLC apremarc00aJC381b.K5 19520 aKhwushḥāl Khān,dactive 17th century.10aDastārnāmah.cauthor: Kwushḥāl Khān Kaṭṭak. Introduction by Muḥammad ʻAbd al-Shukūr. aPeṣhawar,bIdārah-yi Ishāʻat-i Sarḥad,c1952. a13, 278, 11 p.c22 cm. 0aKings and rulers. c67556d67556